A reading skills book interactions two : C1 /

Đã lưu trong:
Sonraí Bibleagrafaíochta
Formáid: Leabhar
Foilsithe: 1996.
Clibeanna: Cuir Clib Leis
Gan Chlibeanna, Bí ar an gcéad duine leis an taifead seo a chlibeáil!
Thư viện lưu trữ: Mạng thư viện Đại học Đà Nẵng
LEADER 00454nam a22001811a 4500
001 000037577
003 13872
005 20220601151659.0
008 160412s1996 000
082 |a 420  |b KI-E 
245 0 |a A reading skills book interactions two :  |b C1 /  |c Elaine Kirn. 
260 |c 1996. 
OWN |a LNN 
999 |a From the UDN01 
TYP |a Monograph 
980 |a Mạng thư viện Đại học Đà Nẵng